000 00238nam a22001097a 4500
008 170118b xxu||||| |||| 00| 0 eng d
020 _a9780803611320
041 _aeng
080 _a618.2
245 _aLPN NOTES
_cMYERS, E
942 _2udc
_cBK
999 _c3142
_d3142